<?xml version="1.0" encoding="UTF-8"?>
<record
    xmlns:xsi="http://www.w3.org/2001/XMLSchema-instance"
    xsi:schemaLocation="http://www.loc.gov/MARC21/slim http://www.loc.gov/standards/marcxml/schema/MARC21slim.xsd"
    xmlns="http://www.loc.gov/MARC21/slim">

  <leader>00952nam a22001817a 4500</leader>
  <datafield tag="999" ind1=" " ind2=" ">
    <subfield code="c">4039</subfield>
    <subfield code="d">4039</subfield>
  </datafield>
  <controlfield tag="001">10228</controlfield>
  <controlfield tag="003">BD-DhUAP</controlfield>
  <controlfield tag="005">20200316170136.0</controlfield>
  <controlfield tag="008">200316s2001    bg ||||| |||| 00| 0 ben d</controlfield>
  <datafield tag="040" ind1=" " ind2=" ">
    <subfield code="a">BD-DhUAP</subfield>
    <subfield code="b">Ben</subfield>
    <subfield code="c">BD-DhUAP</subfield>
    <subfield code="d">BD-DhUAP</subfield>
  </datafield>
  <datafield tag="082" ind1=" " ind2=" ">
    <subfield code="2">23</subfield>
    <subfield code="a">491.44 CHA</subfield>
  </datafield>
  <datafield tag="100" ind1=" " ind2=" ">
    <subfield code="a">&#x99A;&#x995;&#x9CD;&#x9B0;&#x9AC;&#x9B0;&#x9CD;&#x9A4;&#x9C0;, &#x9B0;&#x9C2;&#x9AA;&#x9BE;&#x964;</subfield>
  </datafield>
  <datafield tag="245" ind1=" " ind2=" ">
    <subfield code="a">&#x9AC;&#x9BF;&#x9A6;&#x9C7;&#x9B6;&#x9C0; &#x9AC;&#x9BE;&#x982;&#x9B2;&#x9BE;-&#x9B6;&#x9BF;&#x995;&#x9CD;&#x9B7;&#x9BE;&#x9B0;&#x9CD;&#x9A5;&#x9C0;&#x9A6;&#x9C7;&#x9B0; &#x99C;&#x9A8;&#x9CD;&#x9AF;&#x9C7; &#x9AC;&#x9CD;&#x9AF;&#x9AC;&#x9B9;&#x9BE;&#x9B0;&#x9BF;&#x995; &#x989;&#x9AA;&#x995;&#x9B0;&#x9A3; : </subfield>
    <subfield code="b">&#x9AE;&#x9BE;&#x9A7;&#x9CD;&#x9AF;&#x9AE;&#x9BF;&#x995; &#x9B8;&#x9CD;&#x9A4;&#x9B0;&#x9C7;&#x9B0; &#x98F;&#x995;&#x99F;&#x9BF; &#x9AA;&#x9B0;&#x9BF;&#x9AA;&#x9C2;&#x9B0;&#x9CD;&#x9A3; &#x9AA;&#x9BE;&#x9A0;&#x9CD;&#x9AF;&#x995;&#x9CD;&#x9B0;&#x9AE; /</subfield>
    <subfield code="c">&#x9B0;&#x9C2;&#x9AA;&#x9BE; &#x99A;&#x995;&#x9CD;&#x9B0;&#x9AC;&#x9B0;&#x9CD;&#x9A4;&#x9C0;&#x964;</subfield>
  </datafield>
  <datafield tag="260" ind1=" " ind2=" ">
    <subfield code="a">&#x986;&#x997;&#x9BE;&#x9B0;&#x997;&#x9BE;&#x981;&#x993;,  &#x9A2;&#x9BE;&#x995;&#x9BE; :</subfield>
    <subfield code="b">&#x9AC;&#x9BE;&#x982;&#x9B2;&#x9BE;&#x9A6;&#x9C7;&#x9B6; &#x9AC;&#x9BF;&#x9B6;&#x9CD;&#x9AC;&#x9AC;&#x9BF;&#x9A6;&#x9CD;&#x9AF;&#x9BE;&#x9B2;&#x9AF;&#x9BC; &#x9AE;&#x99E;&#x9CD;&#x99C;&#x9C1;&#x9B0;&#x9C0; &#x995;&#x9AE;&#x9BF;&#x9B6;&#x9A8;, </subfield>
    <subfield code="c">&#x9E8;&#x9E6;&#x9E6;&#x9E7;&#x964;</subfield>
  </datafield>
  <datafield tag="300" ind1=" " ind2=" ">
    <subfield code="a">[&#x9E7;&#x9EC;], &#x9E8;&#x9E8;&#x9EE; &#x9AA;&#x9C3;&#x9B7;&#x9CD;&#x9A0;&#x9BE; ;</subfield>
    <subfield code="c">&#x9E8;&#x9E8; &#x9B8;&#x9C7;&#x9AE;&#x9BF;.&#x964;</subfield>
  </datafield>
  <datafield tag="650" ind1=" " ind2=" ">
    <subfield code="a">Bengali Language.</subfield>
  </datafield>
  <datafield tag="942" ind1=" " ind2=" ">
    <subfield code="2">ddc</subfield>
    <subfield code="c">BK</subfield>
  </datafield>
  <datafield tag="952" ind1=" " ind2=" ">
    <subfield code="0">0</subfield>
    <subfield code="1">0</subfield>
    <subfield code="2">ddc</subfield>
    <subfield code="4">0</subfield>
    <subfield code="7">0</subfield>
    <subfield code="a">UAPCL</subfield>
    <subfield code="b">UAPCL</subfield>
    <subfield code="c">General Stacks</subfield>
    <subfield code="d">2020-03-16</subfield>
    <subfield code="o">491.44 CHA</subfield>
    <subfield code="p">3010010228</subfield>
    <subfield code="r">2020-03-16</subfield>
    <subfield code="t">1</subfield>
    <subfield code="w">2020-03-16</subfield>
    <subfield code="y">BK</subfield>
  </datafield>
  <datafield tag="952" ind1=" " ind2=" ">
    <subfield code="0">0</subfield>
    <subfield code="1">0</subfield>
    <subfield code="2">ddc</subfield>
    <subfield code="4">0</subfield>
    <subfield code="7">0</subfield>
    <subfield code="a">UAPCL</subfield>
    <subfield code="b">UAPCL</subfield>
    <subfield code="c">General Stacks</subfield>
    <subfield code="d">2020-03-16</subfield>
    <subfield code="o">491.44 CHA</subfield>
    <subfield code="p">3010010218</subfield>
    <subfield code="r">2020-03-16</subfield>
    <subfield code="t">2</subfield>
    <subfield code="w">2020-03-16</subfield>
    <subfield code="y">BK</subfield>
  </datafield>
</record>
